1130 1919 1163 1819 1927 1211 1187 1223 1525 1354 1307 1823 1908 1463 1479 1257 1906 1075 1928 1163 1644 1048 1379 1472 1344 1653 1003 1303 1758 1147 1376 1846 1580 1349 1816 1363 1889 1291 1684 1171 1589 1679 1300 1505 1750 1294 1056 1407 1062 1145 1269 1337 1921 1424 1392 1633 1419 1575 1294 1777 1732 1169 1212 1426 1332 1151 1079 1759 1118 1604 1778 1492 1548 1917 1147 1887 1765 1668 1632 1250 1665 1566 1891 1743 1507 1520 1583 1482 1079 1973 1091 1106 1915 1833 1868 1511 1484 1276 1401 BCNSPRNW ULIB Ver.6.0+V

เปลี่ยนเป็นภาษาไทย

Change to English
 แสดงรายละเอียดบรรณานุกรม
  กลับหน้าหลัก

Brief Record : Get Marc (ISO 2709) : E-mail record : QR code < ปิดหน้าต่าง
LEADER : 00000nam 2200000uu 4500
001    13399125105
003     ULIB
008    160627s2557||||th 000 0 tha d
020    ^a97861691548602557
060  4 ^aWA395^bร451
245 00 ^aรายงานภาระโรคและการบาดเจ็บของประชากรไทย พ.ศ. 2554 =^bปีสุขภาวะที่สูญเสีย /^cสำนักงานพัฒนานโยบายสุขภาพระหว่างประเทศ
246 14 ^aปีสุขภาวะที่สูญเสีย
246 14 ^aDisability-adjusted life year:^bDALY
260    ^aนนทบุรี :^bสำนักงาน,^c2557
300    ^aก-ซ, 50 หน้า :^bภาพประกอบ ;^c30 ซม.
500    ^aอนามัยชุมชน
650  4 ^aสุขภาวะ^zไทย
650  4 ^aชาวไทย^xสุขภาพและอนามัย
650  4 ^aโรค
650  4 ^aอุบัติเหตุ^zไทย
710 2  ^aสำนักงานพัฒนานโยบายสุขภาพระหว่างประเทศ
945    ^p0^l0^i001348
945    ^p0^l0^i001349
999    ^aทศพร
รายการนี้ยังไม่มีแท็ก
คุณยังไม่ได้ล็อกอิน คุณสามารถมีกิจกรรมร่วมกับเว็บไซต์ได้ แต่ต้องล็อกอินก่อน ::
  ล็อกอิน

รายการสื่อสารสนเทศ

ลำดับที่ ประเภท เลขเรียก/บาร์โค้ด สถานที่ สถานะ
1. วิทยาศาสตร์การแพทย์ และสุขภาพ
วิทยาศาสตร์การแพทย์ และสุขภาพ
สถานะ=หนังสือเก่า
WA395 ร451 ฉ.1 
  Barcode: 001348
ห้องสมุดวิทยาเขตสวรรค์ประชารักษ์
►ส่วนจัดเก็บหนังสือเก่า สปร
บนชั้น
  ขอยืม
2. วิทยาศาสตร์การแพทย์ และสุขภาพ
วิทยาศาสตร์การแพทย์ และสุขภาพ
สถานะ=หนังสือเก่า
WA395 ร451 ฉ.2 
  Barcode: 001349
ห้องสมุดวิทยาเขตสวรรค์ประชารักษ์
►ส่วนจัดเก็บหนังสือเก่า สปร
บนชั้น
  ขอยืม

รายการใกล้เคียง
    หัวเรื่อง [โรค]

BibComment


ยังไม่เคยถูกคอมเมนท์

คอมเมนท์ทรัพยากรรายการนี้
  คอมเมนท์: รายงานภาระโรคและ..


 Copyright 2026. Bcnsprnw @Library